Representaciones sociales, participación ciudadana y gobernanza local en Venezuela: un estudio de caso en el Estado Sucre = Social Representations, citizen participation and local governance in Venezuela: a case study in the state of Sucre /
Αποθηκεύτηκε σε:
| Κύριος συγγραφέας: | |
|---|---|
| Άλλοι συγγραφείς: | , |
| Μορφή: | Κείμενο |
| Ετικέτες: |
Προσθήκη ετικέτας
Δεν υπάρχουν, Καταχωρήστε ετικέτα πρώτοι!
|
MARC
| LEADER | 00000 a a2200000 04500 | ||
|---|---|---|---|
| 001 | 46820 | ||
| 003 | |||
| 040 | |||
| 090 | |a REV1025 (38) 2007 | ||
| 100 | |a Alarcón, Luis | ||
| 245 | |a Representaciones sociales, participación ciudadana y gobernanza local en Venezuela: un estudio de caso en el Estado Sucre = |b Social Representations, citizen participation and local governance in Venezuela: a case study in the state of Sucre / |c Luis Alarcón, Irey Gómez, Luis Rodríguez | ||
| 700 | |a Gómez, Irey | ||
| 700 | |a Rodríguez, Luis | ||
| 773 | |g número38 (enero-junio, 2007), páginas 54-80 | ||
| 999 | |c 24542 |d 24542 | ||
